| 000 | 00384nam a22001337a 4500 | ||
|---|---|---|---|
| 082 |
_a692 _bWHE _cL-37, P-36 |
||
| 100 |
_aWheeler R.J _946211 |
||
| 245 |
_aBuilding quantities worked example _cR.J Wheeler |
||
| 260 |
_aOxford _bAn imprint of Butterworth-Heinemann Ltd _c1992 |
||
| 300 | _a285 p. | ||
| 526 |
_a0 _b0 _c0 _d692_000000000000000_WHE |
||
| 650 |
_aMCE _9379 |
||
| 942 |
_2ddc _cBK |
||
| 999 |
_c549560 _d549560 |
||